Statistics for Major League Teams

Click here to take the quiz!

General Stats

  • This quiz has been taken 13 times
  • The average score is 109 of 147

Answer Stats

LeagueLocationName% Correct
NFLCincinnatiBengals
91%
NFLMiamiDolphins
91%
NFLNew YorkGiants
91%
MLBSan FranciscoGiants
91%
NFLJacksonvilleJaguars
91%
NHLLos AngelesKings
91%
NBASacramentoKings
91%
NBALos AngelesLakers
91%
NHLEdmontonOilers
91%
NHLFloridaPanthers
91%
NFLCarolinaPanthers
91%
NFLNew EnglandPatriots
91%
NBATorontoRaptors
91%
NFLBaltimoreRavens
91%
MLBCincinnatiReds
91%
NBASan AntonioSpurs
91%
NHLDallasStars
91%
NFLPittsburghSteelers
91%
MLBDetroitTigers
91%
NFLSan Francisco49ers
82%
NBAPhiladelphia76ers
82%
NFLChicagoBears
82%
NFLBuffaloBills
82%
MLBTorontoBlue Jays
82%
NHLSt. LouisBlues
82%
MLBAtlantaBraves
82%
NFLDenverBroncos
82%
NFLClevelandBrowns
82%
NHLBostonBruins
82%
NFLTampa BayBuccaneers
82%
NBAMilwaukeeBucks
82%
NBAChicagoBulls
82%
NHLVancouverCanucks
82%
NHLWashingtonCapitals
82%
NFLArizonaCardinals
82%
MLBSt. LouisCardinals
82%
NBAClevelandCavaliers
82%
NBABostonCeltics
82%
NFLKansas CityChiefs
82%
NBALAClippers
82%
NFLIndianapolisColts
82%
NFLDallasCowboys
82%
MLBChicagoCubs
82%
NHLAnaheimDucks
82%
NFLPhiladelphiaEagles
82%
NFLAtlantaFalcons
82%
NHLPhiladelphiaFlyers
82%
NHLVegasGolden Knights
82%
NBAMemphisGrizzlies
82%
NBAAtlantaHawks
82%
NBAMiamiHeat
82%
NBACharlotteHornets
82%
NBAUtahJazz
82%
NHLWinnipegJets
82%
NFLNew YorkJets
82%
NBANew YorkKnicks
82%
NHLTampa BayLightning
82%
NFLDetroitLions
82%
NBAOrlandoMagic
82%
NHLTorontoMaple Leafs
82%
MLBMiamiMarlins
82%
NBADallasMavericks
82%
NBABrooklynNets
82%
NBADenverNuggets
82%
NBAIndianaPacers
82%
NFLGreen BayPackers
82%
MLBSan DiegoPadres
82%
NBANew OrleansPelicans
82%
NHLPittsburghPenguins
82%
MLBPittsburghPirates
82%
NBADetroitPistons
82%
NFLOaklandRaiders
82%
NHLNew YorkRangers
82%
MLBTexasRangers
82%
NFLWashingtonRedskins
82%
MLBBostonRed Sox
82%
NBAHoustonRockets
82%
MLBKansas CityRoyals
82%
NHLBuffaloSabres
82%
NFLNew OrleansSaints
82%
NFLSeattleSeahawks
82%
NBAPhoenixSuns
82%
NFLHoustonTexans
82%
NBAOklahoma CityThunder
82%
NBAMinnesotaTimberwolves
82%
NBAPortlandTrail Blazers
82%
NFLMinnesotaVikings
82%
NBAGolden StateWarriors
82%
MLBChicagoWhite Sox
82%
NBAWashingtonWizards
82%
MLBNew YorkYankees
82%
MLBLos AngelesAngels
73%
MLBHoustonAstros
73%
MLBOaklandAthletics
73%
NHLColoradoAvalanche
73%
NHLChicagoBlackhawks
73%
NHLColumbusBlue Jackets
73%
MLBMilwaukeeBrewers
73%
NHLMontrealCanadiens
73%
NFLLos AngelesChargers
73%
NHLNew JerseyDevils
73%
MLBLos AngelesDodgers
73%
NHLCalgaryFlames
73%
MLSLAGalaxy
73%
MLBClevelandIndians
73%
NHLNew YorkIslanders
73%
MLBSeattleMariners
73%
MLBNew YorkMets
73%
MLBBaltimoreOrioles
73%
MLBPhiladelphiaPhillies
73%
NHLNashvillePredators
73%
NFLLos AngelesRams
73%
MLBTampa BayRays
73%
NHLDetroitRed Wings
73%
NHLOttawaSenators
73%
NHLSan JoseSharks
73%
NFLTennesseeTitans
73%
MLBMinnesotaTwins
73%
NHLMinnesotaWild
73%
NHLArizonaCoyotes
64%
MLBArizonaDiamondbacks
64%
MLSTorontoFC
64%
MLSOrlando CityFC
64%
MLSNew York CityFC
64%
MLSLos AngelesFC
64%
MLSChicagoFire
64%
NHLCarolinaHurricanes
64%
MLSMontrealImpact
64%
MLBWashingtonNationals
64%
MLBColoradoRockies
64%
MLSD.C.United
64%
MLSColumbusCrew
45%
MLSHoustonDynamo
45%
MLSSan JoseEarthquakes
45%
MLSSalt LakeReal Salt Lake
45%
MLSNew YorkRed Bulls
45%
MLSPortlandTimbers
36%
MLSColoradoRapids
27%
MLSNew EnglandRevolution
27%
MLSSeattleSounders FC
27%
MLSKansas CitySporting Kansas City
27%
MLSPhiladelphiaUnion
27%
MLSVancouverWhitecaps FC
27%
MLSDallasFC Dallas
18%
MLSAtlantaUnited FC
18%
MLSMinnesotaUnited FC
18%
MLSCincinnatiFC Cincinnati
0%

Score Distribution

Percentile by Number Answered

Percent of People with Each Score

Your Score History

You have not taken this quiz